[Event "FTX Crypto Cup KO 2021"]
[Site "Chess24"]
[Date "2021.05.27"]
[Round "2.1"]
[White "Nepomniachtchi, Ian"]
[Black "So, Wesley"]
[Result "0-1"]
[WhiteElo "2778"]
[BlackElo "2741"]
[Annotator "TA"]
[PlyCount "136"]
[EventDate "2021.05.26"]
[EventType "k.o."]
[EventCountry "NET"]
[SourceTitle "playchess.com"]
[Source "ChessBase"]
[SourceQuality "1"]

{[%evp 27,136,-8,-8,-23,0,-1,0,0,0,-23,0,0,18,14,16,16,20,14,4,0,0,0,0,0,0,0,0,0,0,0,0,0,0,-26,0,-6,6,-3,-2,-6,0,0,0,0,0,-78,-78,-78,-78,-78,-78,-78,-69,-78,-78,-78,-78,-78,-78,-78,-78,-78,-78,-78,-71,-78,-78,-78,-78,-189,-78,-78,-78,-71,-71,-71,-71,-71,-71,-71,-71,-71,-43,-43,-25,-188,-188,-188,-188,-388,-318,-5073,-3511,-29949,-29954,-29960,-29961,-29955,-5269,-29969,-29961,-29971,-29972,-29975,-29976,-29976,-29977,-29977,-29978,-29978,-29979]} 1. Nf3 d5 2. g3 Nf6 3. Bg2 e6 4. O-O Be7 5. d3 O-O 6. Nbd2 c5 7. e4 Nc6 8. Re1 b5 9. e5 Nd7 10. Nf1 a5 11. h4 b4 12. Bf4 a4 13. a3 bxa3 14. bxa3 Rb8 15. Ne3 {[#] C00: French: Unusual White 2nd moves.} Bb7 $146 ({Predecessor:} 15... Nd4 16. c4 dxc4 17. Nxd4 cxd4 18. Nxc4 Nc5 19. Qg4 Kh8 20. Red1 Rb3 21. Bg5 f6 22. exf6 gxf6 {½-½ (54) Pablo Marin,A (2383)-Aroshidze,L (2517) Barcelona 2017}) 16. c4 Nb6 17. cxd5 {The position is equal.} Nxd5 18. Qxa4 {Threatening Nxd5.} Nc3 19. Qc4 Qa5 {Strongly threatening ...Ba6.} 20. Rac1 Nb5 21. Nc2 Nxa3 22. Nxa3 Qxa3 23. Bg5 Rfd8 24. Bxe7 Nxe7 25. Qxc5 Qxc5 26. Rxc5 Bxf3 27. Bxf3 Rxd3 28. Be4 Rd7 29. h5 g6 30. Kg2 Kg7 31. Rh1 Ng8 32. Rhc1 gxh5 33. Rh1 Rb4 34. Bc2 Kh6 35. Bd1 h4 36. Be2 (36. Bc2 $11 {remains equal.}) 36... Ne7 $17 37. Rxh4+ Rxh4 38. gxh4 {[%mdl 4096] Endgame KRB-KRN} Ng6 39. Kg3 Rd4 40. Rc4 Rxc4 41. Bxc4 Nxe5 {KB-KN} 42. Bb3 Kg7 43. f4 Nc6 44. Bc2 h6 45. Bb1 Ne7 46. Kg4 Nd5 47. Kg3 Kf8 48. Kg4 (48. Bd3 $17) 48... Nf6+ (48... f5+ $19 {has better winning chances.} 49. Kf3 Nb4) 49. Kf3 Ke7 50. Bc2 Nh5 51. Kg4 {[#]} Ng7 52. Bb1 f6 53. Ba2 Kd6 54. Kf3 h5 {aiming for ...Nf5.} 55. Kg3 Kc5 56. Bb3 $2 {[#] Now White is beyond hope.} (56. Kf2 $11) 56... Kd4 $1 $19 57. Kf3 Kd3 58. Ba4 $2 (58. Ba2) 58... Nf5 59. Bb5+ $2 (59. Bd7) 59... Kd4 60. Be8 Nxh4+ 61. Kg3 Nf5+ 62. Kf3 Ng7 (62... h4 $142 63. Bd7 Ng7 64. Bb5 h3 65. Kf2 Ke4 66. Kg3 h2 67. Ba6 Ke3 68. Bb7 Nf5+ 69. Kxh2 Kxf4 70. Kg2 Ke3 71. Kh3 e5 72. Kg2 Nd4 73. Kh3 f5 74. Kh4 e4 75. Kg5 f4 76. Kh6 f3 77. Kh7 Kf4 78. Kg7 e3 79. Kf8 e2 80. Ke8 e1=Q+ 81. Kd8 Qe6 82. Bc8 Qd6+ 83. Ke8 Nf5 84. Bxf5 Kxf5 85. Kf7 Qd7+ 86. Kf8 Kf6 87. Kg8 Qg7#) 63. Bf7 Kd5 {Black mates.} 64. Bg6 f5 65. Bf7 Kd6 66. Kg3 Ke7 67. Bg6 Kf6 68. Bh7 Ne8 {Weighted Error Value: White=0.52/Black=0.06} 0-1

[Event "FTX Crypto Cup KO 2021"]
[Site "Chess24"]
[Date "2021.05.27"]
[Round "2.2"]
[White "Carlsen, Magnus"]
[Black "Radjabov, Teimour"]
[Result "1/2-1/2"]
[WhiteElo "2881"]
[BlackElo "2758"]
[Annotator "TA"]
[PlyCount "86"]
[EventDate "2021.05.26"]
[EventType "k.o."]
[EventCountry "NET"]
[SourceTitle "playchess.com"]
[Source "ChessBase"]
[SourceQuality "1"]

{[%evp 18,86,16,16,17,15,13,22,13,15,9,1,5,4,14,10,24,0,0,0,0,0,0,0,0,0,0,0,0,0,0,0,0,0,0,0,0,0,0,0,0,0,0,0,0,0,0,0,0,0,0,0,0,0,0,0,0,0,0,0,0,0,0,0,0,0,0,0,0,0,0]} 1. e4 e5 2. Nf3 Nc6 3. Bb5 Nf6 4. O-O Nxe4 5. Re1 Nd6 6. Nxe5 Be7 7. Bf1 Nxe5 8. Rxe5 O-O 9. d4 Bf6 10. Re1 Re8 $1 {10...Re8 scores better than 10...Nf5. C67: Ruy Lopez: Berlin Defence: 4 0-0 Nxe4.} 11. Bf4 Rxe1 12. Qxe1 Ne8 13. c3 d5 14. Bd3 g6 15. Nd2 {[%cal Bb1d2,Bd2f3,Bf3e5][%mdl 32]} c6 16. Nf3 Ng7 17. Qe2 Bf5 {The position is equal.} 18. Bxf5 Nxf5 19. Re1 Ng7 20. Be5 Bxe5 21. Nxe5 {[#]} Qe7 $5 $146 {[%mdl 8] New and interesting.} ({Predecessor:} 21... Qd6 22. Nd3 Re8 23. Qd2 f6 24. Rxe8+ Nxe8 25. Qe3 Kf7 26. Qh6 Kg8 27. Qe3 Kf7 28. Qh6 Kg8 29. Qe3 {½-½ (29) Carlsen,M (2862)-So,W (2770) chess24.com INT 2021}) 22. Qd2 {Strongly threatening Nxc6!} Re8 23. Nd3 Qd8 24. Rxe8+ Nxe8 25. Qe2 Nd6 26. g3 Kf8 27. Kf1 Qe7 28. f3 f6 29. Kf2 Kf7 30. g4 g5 31. Qxe7+ Kxe7 $11 {[%mdl 4096] Endgame KN-KN} 32. f4 h6 33. f5 Nc4 34. Ke2 b6 35. b3 Nd6 36. Nf2 Kf7 37. Kd3 b5 38. Nd1 h5 39. h3 h4 40. Ne3 Ne4 41. Nd1 Nd6 42. Ne3 Ne4 {Black wants to play ...Nf2+.} 43. Nd1 Nd6 {A rather calm draw.  Weighted Error Value: White=0.01/Black=0.00} 1/2-1/2

[Event "FTX Crypto Cup KO 2021"]
[Site "Chess24"]
[Date "2021.05.27"]
[Round "2.2"]
[White "Nepomniachtchi, Ian"]
[Black "So, Wesley"]
[Result "0-1"]
[WhiteElo "2778"]
[BlackElo "2741"]
[Annotator "TA"]
[PlyCount "80"]
[EventDate "2021.05.26"]
[EventType "k.o."]
[EventCountry "NET"]
[SourceTitle "playchess.com"]
[Source "ChessBase"]
[SourceQuality "1"]

{[%evp 12,80,15,27,13,2,34,0,0,-26,0,-18,-26,-26,-12,-31,-33,-17,-35,-42,-37,-51,-48,-58,-69,-64,-63,-166,-171,-237,-238,-227,-229,-228,-210,-410,-413,-541,-545,-604,-629,-620,-605,-572,-305,-308,-273,-276,-276,-422,-418,-442,-419,-621,-626,-609,-602,-647,-622,-805,-503,-779,-801,-1102,-1164,-29972,-29973,-29942,-29944,-5381,-1769]} 1. d4 Nf6 2. c4 e6 3. Nc3 d5 4. cxd5 Nxd5 5. e4 Nxc3 6. bxc3 c5 7. Rb1 {is now more promising than 7.Nf3.} Be7 {D35: Queen's Gambit Declined: Exchange Variation.} 8. Nf3 O-O 9. h4 b6 $5 {[%mdl 4] The position is equal. A promising side line.} 10. h5 h6 11. Bd3 cxd4 12. cxd4 {[#]} Nc6 $5 $146 {[%cal Bb8c6,Bc6a5,Ba5c4][%mdl 8] An interesting novelty.} ({Predecessor:} 12... e5 13. dxe5 Na6 14. Bc4 Qxd1+ 15. Kxd1 Nc5 16. Bd5 Rd8 17. Nd4 Bb7 18. Ke2 Bxd5 19. exd5 Rxd5 {1-0 (49) Aronian,L (2775)-Bosiocic,M (2623) Moscow 2019}) 13. Be2 Bb7 14. Rh3 Rc8 15. Rg3 {Bxh6 is the strong threat.} Kh8 16. a3 Na5 17. Bd3 Nc4 $36 {[%mdl 2048] Black has some pressure.} 18. Kf1 Nd6 ({Much worse is} 18... Nxa3 $6 19. Ra1 $14) 19. d5 {Black continues to play with concentration.} ({White should try} 19. Qe2 $15) 19... exd5 $19 20. Bb2 (20. exd5 {was called for.} Bf6 21. Bb2) 20... dxe4 21. Bxg7+ {[#]} Kh7 $1 22. Bxf8 (22. Qd2 $2 Nf5 $19) 22... Bxf8 ({Not} 22... Qxf8 23. Bc2 $15) 23. Rg4 $2 (23. Be2) 23... exd3 24. Rd4 Rc3 25. Qd2 Qc7 26. Qf4 Bxf3 27. gxf3 Rc4 {Strongly threatening ...b5.} 28. Rd1 Rxd4 29. Qxd4 Qc4 30. Qe3 (30. Rxd3 $142 Qc8 31. Qd5) 30... Nb5 ({Weaker is} 30... d2+ 31. Kg2 $19) 31. Rxd3 Bxa3 32. Kg2 (32. Qe4+ $142 Qxe4 33. fxe4) 32... Bc5 33. Qd2 Nd4 34. Re3 a5 35. Re5 f6 36. Re4 (36. Re8 $142 Qd5 37. Qd3+ f5 38. Qe3) 36... f5 37. Re8 Qf7 38. Qe1 Qg7+ 39. Kh1 Nxf3 40. Qd1 {[#]} Qf7 $1 {Weighted Error Value: White=0.41/Black=0.09} 0-1

[Event "FTX Crypto Cup KO 2021"]
[Site "Chess24"]
[Date "2021.05.27"]
[Round "2.2"]
[White "Radjabov, Teimour"]
[Black "Carlsen, Magnus"]
[Result "1/2-1/2"]
[WhiteElo "2758"]
[BlackElo "2881"]
[Annotator "TA"]
[PlyCount "114"]
[EventDate "2021.05.26"]
[EventType "k.o."]
[EventCountry "NET"]
[SourceTitle "playchess.com"]
[Source "ChessBase"]
[SourceQuality "1"]

{[%evp 11,114,29,40,35,39,33,44,36,42,26,43,39,37,33,28,32,27,40,47,6,33,24,44,56,41,45,40,43,43,47,47,35,64,68,66,24,29,35,29,25,64,57,65,45,86,83,95,95,95,100,100,99,110,110,110,110,110,110,120,81,120,117,120,120,115,107,107,108,128,129,135,124,123,121,128,22,68,0,128,0,0,0,125,120,119,120,231,231,231,214,209,127,131,30,30,30,30,0,0,0,0,0,0,4,4]} 1. d4 Nf6 2. c4 e6 3. Nf3 d5 4. Nc3 c5 5. cxd5 cxd4 6. Qxd4 exd5 7. e4 {[%cal Re4d5] D41: Queen's Gambit Declined: Semi-Tarrasch with 5 cxd5.} dxe4 8. Qxd8+ Kxd8 9. Ng5 {White is slightly better.} Be6 10. Nxe6+ fxe6 11. Bg5 h6 $1 {[%mdl 4] 11...h6 is setting a new trend.} 12. O-O-O+ Ke7 $1 13. Bxf6+ gxf6 14. Nxe4 Bg7 15. Bd3 f5 16. Ng3 {Strongly threatening Rhe1.} Nc6 17. Rhe1 {Black must now prevent Nxf5+.} Be5 18. Nxf5+ exf5 19. f4 $1 {[%mdl 64] Pin} Rad8 20. fxe5 Rhf8 21. Re3 {[#]} Rd4 $146 ({Predecessor:} 21... Rd5 22. Rh3 Nxe5 23. Bc2 Rxd1+ 24. Kxd1 Rf6 25. Ke2 Rb6 26. b3 Ra6 27. Bb1 f4 28. Rh5 Re6 29. Bf5 Ra6 30. Bb1 Re6 31. Bf5 Ra6 32. Bb1 {½-½ (32) Radjabov,T (2765)-So,W (2770) chess24.com INT 2020}) 22. Bc2 Rxd1+ 23. Kxd1 $14 {[%mdl 4096] Endgame KRB-KRN} Rg8 24. g3 Rd8+ 25. Ke1 Ke6 26. Bb3+ Ke7 27. Rf3 Nd4 28. Rc3 Nxb3 29. Rxb3 $16 {KR-KR} Rd7 30. Ra3 b6 31. Rc3 Ke6 32. Rc6+ Kxe5 33. Rxh6 Rc7 34. Kd2 Rd7+ 35. Ke3 Rc7 36. Rh5 {Hoping for g4.} Kf6 37. Kd3 Rd7+ 38. Kc3 Rc7+ 39. Kb3 Re7 40. a4 Re3+ 41. Kc4 Re4+ 42. Kb5 Re5+ 43. Kc6 (43. Kb4 $1 $16) 43... Re4 44. Kb5 (44. b3 $14) 44... Re5+ $1 {[#]} 45. Kc4 (45. Kb4 $1 $16) 45... Re4+ $11 46. Kb3 (46. Kc3 $11) 46... Re3+ $1 $16 47. Ka2 Kg6 48. Rh8 f4 (48... Kg5 $16 49. b4 Re2+ 50. Ka3 Re3+ 51. Kb2 Re4) 49. gxf4 $18 Re4 50. Ka3 Rxf4 51. Rg8+ Kf7 {[#]} 52. Rb8 ({Better is} 52. Ra8 $1 $16 {[%cal Ra8a7]}) 52... Rh4 $11 53. b3 Ke6 54. Re8+ Kd6 {The position is equal.} 55. Re2 a5 56. Rd2+ Kc5 57. Rc2+ Kd5 {Weighted Error Value: White=0.17/Black=0.07} 1/2-1/2